[Event "Open Tournament for SM Members"]
[Site "SchemingMind.com"]
[Date "2006.11.02"]
[Round "-"]
[White "alejandroales"]
[Black "loco61"]
[Result "1-0"]
[WhiteCountry "ARG"]
[BlackCountry "ENG"]
[WhiteElo "1671"]
[WhiteRD "65"]
[BlackElo "1574"]
[BlackRD "66"]
[GameID "74664"]

1. e4 e5 2. Nf3 Nc6 3. Bb5 d6 4. d4 Bd7 5. Nc3 Nf6 6. O-O a6 7. Ba4 b5 8. Bb3 Bg4 9. Be3 Be7 10. a4 Rb8
11. axb5 axb5 12. Ra6 Bxf3 13. gxf3 exd4 14. Bxd4 Nxd4 15. Qxd4 c5 16. Qe3 O-O 17. Rd1 c4 18. Ba2 Ne8 19. e5 Nc7 20. exd6 Bg5
21. dxc7 Bxe3 22. cxd8=Q Rfxd8 23. Rxd8+ Rxd8 24. fxe3 f5 25. Nxb5
1-0

[Event "Open Tournament for SM Members"]
[Site "SchemingMind.com"]
[Date "2006.11.02"]
[Round "-"]
[White "loco61"]
[Black "alejandroales"]
[Result "0-1"]
[WhiteCountry "ENG"]
[BlackCountry "ARG"]
[WhiteElo "1574"]
[WhiteRD "66"]
[BlackElo "1671"]
[BlackRD "65"]
[GameID "74665"]

1. e4 e5 2. Nf3 f5 3. exf5 e4 4. Nd4 Nf6 5. g4 c5 6. Nb3 h5 7. g5 Ng4 8. d4 d5 9. h3 Nxf2 10. Kxf2 Nc6
11. Be3 Bxf5 12. h4 Bd6 13. N1d2 O-O 14. Ke1 Bg3+ 15. Bf2 Bxf2+ 16. Kxf2 Bg4+ 17. Nf3 Bxf3
0-1

[Event "Open Tournament for SM Members"]
[Site "SchemingMind.com"]
[Date "2006.11.02"]
[Round "-"]
[White "lame wolf"]
[Black "loco61"]
[Result "0-1"]
[WhiteCountry "INT"]
[BlackCountry "ENG"]
[WhiteElo "967"]
[WhiteRD "82"]
[BlackElo "1574"]
[BlackRD "66"]
[GameID "74711"]

1. b4 e5 2. a3 d5 3. d4 e4 4. e3 Nf6 5. c4 Be6 6. cxd5 Bxd5 7. Bb5+ c6 8. Bxc6+ Nxc6 9. Nc3 Nxb4 10. Nge2 Nd3+
11. Kd2 Nxf2
0-1

[Event "Open Tournament for SM Members"]
[Site "SchemingMind.com"]
[Date "2006.11.02"]
[Round "-"]
[White "lame wolf"]
[Black "alejandroales"]
[Result "0-1"]
[WhiteCountry "INT"]
[BlackCountry "ARG"]
[WhiteElo "967"]
[WhiteRD "82"]
[BlackElo "1671"]
[BlackRD "65"]
[GameID "74712"]

1. b4 d5 2. a3 e5 3. d4 e4 4. e3 Nf6 5. Be2 Bd6 6. c4 c6 7. c5 Bc7 8. b5 O-O 9. b6 axb6 10. cxb6 Bxb6
11. Bd2 Bf5
0-1

[Event "Open Tournament for SM Members"]
[Site "SchemingMind.com"]
[Date "2006.11.02"]
[Round "-"]
[White "loco61"]
[Black "lame wolf"]
[Result "1-0"]
[WhiteCountry "ENG"]
[BlackCountry "INT"]
[WhiteElo "1574"]
[WhiteRD "66"]
[BlackElo "967"]
[BlackRD "82"]
[GameID "74713"]

1. e4 a6 2. Nf3 b5 3. c4 Nf6 4. e5 Bb7 5. exf6 gxf6 6. cxb5 d5 7. bxa6 Bxa6 8. Qa4+ Qd7 9. Qxd7+ Nxd7 10. Nc3 e6
11. Bxa6 Rxa6 12. d4 Bb4 13. a3 Bxc3+ 14. bxc3 Ke7 15. O-O
1-0

[Event "Open Tournament for SM Members"]
[Site "SchemingMind.com"]
[Date "2006.11.03"]
[Round "-"]
[White "alejandroales"]
[Black "lame wolf"]
[Result "1-0"]
[WhiteCountry "ARG"]
[BlackCountry "INT"]
[WhiteElo "1671"]
[WhiteRD "65"]
[BlackElo "967"]
[BlackRD "82"]
[GameID "74714"]

1. e4 e5 2. Nf3 d6 3. d4 f5 4. dxe5 fxe4 5. Ng5 Nh6 6. Nxe4 d5 7. Ng5 Be6 8. Nxe6 Qe7 9. Nxf8 Qxf8 10. Qxd5 c6
11. Qe6+
1-0

[Event "Open Tournament for SM Members"]
[Site "SchemingMind.com"]
[Date "2006.11.04"]
[Round "-"]
[White "Silvy"]
[Black "loco61"]
[Result "1-0"]
[WhiteCountry "ITA"]
[BlackCountry "ENG"]
[WhiteElo "1963"]
[WhiteRD "117"]
[BlackElo "1574"]
[BlackRD "66"]
[GameID "75020"]

1. d4 d5 2. Nf3 Nc6 3. c4 e6 4. Nc3 Nf6 5. a3 dxc4 6. e4 b5 7. Nxb5 Nxe4 8. Bxc4 Ba6 9. Qc2 Nd6 10. Bd3 Bb7
11. Ne5 Nxd4 12. Nxd4 Qd7 13. Nxd7
1-0

[Event "Open Tournament for SM Members"]
[Site "SchemingMind.com"]
[Date "2006.11.04"]
[Round "-"]
[White "Silvy"]
[Black "lame wolf"]
[Result "1-0"]
[WhiteCountry "ITA"]
[BlackCountry "INT"]
[WhiteElo "1963"]
[WhiteRD "117"]
[BlackElo "967"]
[BlackRD "82"]
[GameID "75021"]

1. d4 d5 2. Nf3 Qd6 3. c3 c5 4. g3 cxd4 5. cxd4 e6 6. Nc3 Nf6 7. Bg2 Bd7 8. O-O Nc6 9. a3 Be7 10. Bf4 e5
11. dxe5 Nxe5 12. Nxe5 Be6 13. Nxf7 Bxf7 14. Bxd6
1-0

[Event "Open Tournament for SM Members"]
[Site "SchemingMind.com"]
[Date "2006.11.05"]
[Round "-"]
[White "Silvy"]
[Black "alejandroales"]
[Result "1-0"]
[WhiteCountry "ITA"]
[BlackCountry "ARG"]
[WhiteElo "1963"]
[WhiteRD "117"]
[BlackElo "1671"]
[BlackRD "65"]
[GameID "75022"]

1. d4 Nf6 2. Nf3 e6 3. Bf4 c5 4. e3 Nc6 5. c3 d5 6. Nbd2 Be7 7. Bd3 O-O 8. Ne5 Nxe5 9. dxe5 Nd7 10. Nf3 a6
11. h4 f5 12. Ng5 Nb6 13. Qh5 h6 14. Qg6 Rf7 15. Qh7+
1-0

[Event "Open Tournament for SM Members"]
[Site "SchemingMind.com"]
[Date "2006.11.04"]
[Round "-"]
[White "loco61"]
[Black "Silvy"]
[Result "0-1"]
[WhiteCountry "ENG"]
[BlackCountry "ITA"]
[WhiteElo "1574"]
[WhiteRD "66"]
[BlackElo "1963"]
[BlackRD "117"]
[GameID "75023"]

1. e4 c6 2. Nf3 d5 3. exd5 cxd5 4. d4 Nf6 5. Bf4 Bf5 6. Bd3 Bxd3 7. Qxd3 e6 8. Nc3 a6 9. O-O Bd6 10. Be5 Nc6
11. Rfe1 Be7 12. h3 Nxe5 13. Nxe5 O-O 14. Re3 Rc8 15. f4 Qb6 16. Na4 Qb4 17. b3 Ne4 18. c4 b5 19. Nb6 bxc4 20. Nbxc4 f5
21. Nb2 Rc3 22. Qe2 Qxd4 23. Nd1 Rxe3 24. Qxa6 Re1+ 25. Kh2 Qg1#
0-1

[Event "Open Tournament for SM Members"]
[Site "SchemingMind.com"]
[Date "2006.11.04"]
[Round "-"]
[White "lame wolf"]
[Black "Silvy"]
[Result "0-1"]
[WhiteCountry "INT"]
[BlackCountry "ITA"]
[WhiteElo "967"]
[WhiteRD "82"]
[BlackElo "1963"]
[BlackRD "117"]
[GameID "75024"]

1. Nf3 d5 2. d4 Nf6 3. e3 Bf5 4. Bd3 Bxd3 5. Qxd3 c6 6. c4 e6 7. cxd5 exd5 8. Nc3 Bd6 9. a3 O-O 10. Ng5 Re8
11. O-O Bxh2+ 12. Kh1 Bc7 13. Ne2 Ne4 14. Nxe4 Qh4+
0-1

[Event "Open Tournament for SM Members"]
[Site "SchemingMind.com"]
[Date "2006.11.05"]
[Round "-"]
[White "alejandroales"]
[Black "Silvy"]
[Result "0-1"]
[WhiteCountry "ARG"]
[BlackCountry "ITA"]
[WhiteElo "1671"]
[WhiteRD "65"]
[BlackElo "1963"]
[BlackRD "117"]
[GameID "75025"]

1. Nf3 Nf6 2. d4 g6 3. c4 Bg7 4. Nc3 d6 5. e4 O-O 6. Be2 e5 7. O-O Nc6 8. d5 Ne7 9. Ne1 Nd7 10. b4 f5
11. f3 f4 12. Nd3 a5 13. bxa5 Rxa5 14. Rb1 b6 15. Bb2 g5 16. Qd2 h5 17. Kh1 Nf6 18. Nd1 Rxa2 19. Nb4 Ra5 20. Nf2 g4
21. fxg4 hxg4 22. Bc3 g3 23. Nh3 Nxe4 24. Qc2 Bxh3 25. gxh3 Nxc3 26. Qxc3 Nf5 27. Nc6 Qg5 28. Bg4 Ra2 29. Rb2 e4 30. Qb3 Rxb2
0-1

[Event "Open Tournament for SM Members"]
[Site "SchemingMind.com"]
[Date "2006.11.04"]
[Round "-"]
[White "jjb091"]
[Black "loco61"]
[Result "1/2-1/2"]
[WhiteCountry "USA"]
[BlackCountry "ENG"]
[WhiteElo "1694"]
[WhiteRD "77"]
[BlackElo "1570"]
[BlackRD "60"]
[GameID "75052"]

1. e4 e5 2. Nf3 Nc6 3. d4 exd4 4. c3 dxc3 5. Bc4 cxb2 6. Bxb2 d6 7. Qb3 Be6 8. Bxe6 fxe6 9. Qxe6+ Qe7 10. Ng5 Qxe6
11. Nxe6 Kd7 12. Nxf8+ Rxf8 13. Bxg7 Nf6 14. Bxh8 Rxh8 15. Nc3 Nd4 16. Kd2 c5 17. Rab1 b6 18. a4 Kc6 19. f4 Rg8 20. g3 Re8
21. Kd3 Ng4 22. Rb2 a6 23. Rhb1 Rb8 24. Nd5 b5 25. Ne3 Nxe3 26. Kxe3 b4 27. Kd3 a5 28. g4 Ne6 29. f5 Ng5 30. h4 Nf3
31. h5 h6 32. Rg2 d5 33. exd5+ Kxd5 34. Rc2 Nd4 35. Rf2 c4+ 36. Kd2 c3+ 37. Kd3 c2 38. Rxc2 Nxc2 39. Kxc2 b3+ 40. Rxb3 Rc8+
41. Kd3 Ke5 42. Ke3 Rc4 43. Rb5+ Kf6 44. Rxa5 Rxg4 45. Ra6+ Kxf5 46. Rxh6 Rxa4 47. Rh8 Ra3+ 48. Kd4 Rh3 49. h6=
1/2-1/2

[Event "Open Tournament for SM Members"]
[Site "SchemingMind.com"]
[Date "2006.11.05"]
[Round "-"]
[White "jjb091"]
[Black "alejandroales"]
[Result "1-0"]
[WhiteCountry "USA"]
[BlackCountry "ARG"]
[WhiteElo "1688"]
[WhiteRD "79"]
[BlackElo "1671"]
[BlackRD "65"]
[GameID "75054"]

1. e4 c5 2. Nf3 d6 3. d4 cxd4 4. Nxd4 Nf6 5. Nc3 e6 6. Be3 a6 7. Be2 Be7 8. O-O Qc7 9. f4 b5 10. e5 dxe5
11. fxe5 Nd5 12. Nxd5 exd5 13. Nxb5 axb5 14. Qxd5 Bb7 15. Qxf7+ Kd8 16. Rad1+ Nd7 17. e6
1-0

[Event "Open Tournament for SM Members"]
[Site "SchemingMind.com"]
[Date "2006.11.04"]
[Round "-"]
[White "jjb091"]
[Black "Silvy"]
[Result "0-1"]
[WhiteCountry "USA"]
[BlackCountry "ITA"]
[WhiteElo "1688"]
[WhiteRD "79"]
[BlackElo "1963"]
[BlackRD "117"]
[GameID "75055"]

1. e4 c6 2. d4 d5 3. e5 Bf5 4. Nc3 e6 5. g4 Bg6 6. Nge2 c5 7. h4 f6 8. Nf4 Bf7 9. exf6 cxd4 10. Qxd4 gxf6
11. Qa4+ Nc6 12. Be3 Bd6 13. O-O-O Ne7 14. g5 a6 15. gxf6 Nf5 16. Bd3 Nxe3 17. fxe3 b5 18. Bxb5 axb5 19. Qxb5 Qd7 20. Rhg1 Be5
21. e4 Bxf4+ 22. Kb1 Rb8 23. Qf1 Be5 24. exd5 Rxb2+ 25. Kxb2 Qb7+ 26. Kc1 Bxc3 27. Rd3 Qb2+ 28. Kd1 Bh5+ 29. Rf3 Qb1+ 30. Ke2 Qxc2+
31. Ke3 Qd2+ 32. Ke4 Qd4#
0-1

[Event "Open Tournament for SM Members"]
[Site "SchemingMind.com"]
[Date "2006.11.05"]
[Round "-"]
[White "loco61"]
[Black "jjb091"]
[Result "1-0"]
[WhiteCountry "ENG"]
[BlackCountry "USA"]
[WhiteElo "1570"]
[WhiteRD "60"]
[BlackElo "1694"]
[BlackRD "77"]
[GameID "75056"]

1. e4 c5 2. Nf3 d6 3. Bc4 Nf6 4. Nc3 a6 5. d4 cxd4 6. Nxd4 e6 7. Bg5 Be7 8. Qd2 b5 9. Bb3 Bb7 10. f3 O-O
11. Bxe6 fxe6 12. Nxe6 Qb6 13. Nxf8 Kxf8 14. O-O-O b4 15. Nd5 Nxd5 16. exd5 Bxg5 17. Qxg5 Nd7 18. Rhe1 Nf6 19. c4 a5 20. Re3 a4
21. Rde1 b3 22. a3 Qd4 23. Rc3 Ba6 24. Qe3 Qxe3+ 25. Rexe3 Rc8 26. Re6 Rxc4 27. Rxc4 Bxc4 28. Rxd6 Bxd5 29. Ra6 Kf7 30. Rxa4 Ke6
31. Rb4 Nd7 32. g3 Ne5 33. Kd1 Nxf3 34. h4 Ke5 35. a4 Nd4 36. Kd2 Nf5 37. Rg4 g6 38. a5 Bf3 39. Rb4 Bd5 40. a6 Nxg3
41. a7 Nf5 42. Rb5 Ke4 43. Rxb3 Nxh4 44. Rb4+ Kf3 45. Rxh4 h5 46. b4 Kg3 47. Rd4 Bg2 48. b5 h4 49. Rd3+ Kg4 50. Ke2 h3
51. Kf2
1-0

[Event "Open Tournament for SM Members"]
[Site "SchemingMind.com"]
[Date "2006.11.05"]
[Round "-"]
[White "alejandroales"]
[Black "jjb091"]
[Result "0-1"]
[WhiteCountry "ARG"]
[BlackCountry "USA"]
[WhiteElo "1671"]
[WhiteRD "65"]
[BlackElo "1688"]
[BlackRD "79"]
[GameID "75058"]

1. e4 c5 2. Nf3 d6 3. d4 cxd4 4. Nxd4 Nf6 5. Nc3 e6 6. Be2 Be7 7. O-O O-O 8. f4 Qb6 9. Kh1 Nc6 10. Be3 Qxb2
11. Ncb5 Nxe4 12. Bd3 a6 13. Nc7 Nc3 14. Bxh7+ Kxh7 15. Qh5+ Kg8 16. Nxa8 Nd5 17. Nxc6 bxc6 18. Bd2 Qxc2 19. Rad1 Bb7 20. f5 Nf6
21. Qh4 Rxa8 22. Bg5 Qe2 23. fxe6 Qxe6 24. Rde1 Qd7 25. Qg3 c5 26. Rxe7 Qxe7 27. Bxf6 Qf8 28. Be7 Qxe7
0-1

[Event "Open Tournament for SM Members"]
[Site "SchemingMind.com"]
[Date "2006.11.05"]
[Round "-"]
[White "Silvy"]
[Black "jjb091"]
[Result "1-0"]
[WhiteCountry "ITA"]
[BlackCountry "USA"]
[WhiteElo "1963"]
[WhiteRD "117"]
[BlackElo "1688"]
[BlackRD "79"]
[GameID "75059"]

1. d4 Nf6 2. Nf3 e6 3. Bf4 c5 4. e3 Nc6 5. c3 d5 6. Bd3 Qb6 7. Qc1 Bd7 8. O-O Rc8 9. h3 Be7 10. Ne5 Nxe5
11. dxe5 Nh5 12. Bh2 g6 13. c4 O-O 14. Nc3 Bc6 15. cxd5 exd5 16. e4 c4 17. Be2 dxe4 18. Bxc4 Bd7 19. b3 Bc5 20. Nxe4 Be7
21. Nd6 Bxd6 22. exd6 Ng7 23. Qd2 Nf5 24. Rfe1 Rfd8 25. g4 Ng7 26. Bxf7+ Kh8 27. Re7 Qc6 28. Be5 h5 29. Qh6#
1-0

[Event "Open Tournament for SM Members"]
[Site "SchemingMind.com"]
[Date "2006.11.04"]
[Round "-"]
[White "Mark_Griffin"]
[Black "loco61"]
[Result "1-0"]
[WhiteCountry "IRL"]
[BlackCountry "ENG"]
[WhiteElo "1606"]
[WhiteRD "107"]
[BlackElo "1574"]
[BlackRD "66"]
[GameID "75089"]

1. e4 e5 2. Nf3 Nc6 3. Bb5 d6 4. d3 Bd7 5. Nc3 a6 6. Ba4 b5 7. Bb3 h6 8. O-O Nf6 9. Nd5 Be6 10. Nxf6+ Qxf6
11. Bxe6 Qxe6 12. h3 g5 13. c3 f5 14. Qb3 Qxb3 15. axb3 g4 16. hxg4 fxg4 17. Nh4 O-O-O 18. Ng6 Rh7 19. Nxf8 Rxf8 20. Rxa6 Kb7
21. Ra1 h5 22. g3 h4 23. Be3 h3 24. Kh2 Nd8 25. b4 Ne6 26. Ra7+ Kc8 27. Ra8+ Kb7 28. Rxf8 Nxf8 29. f4 exf4 30. Rxf4 Ng6
31. Rxg4 Ne5 32. Rg8 Nxd3 33. Bd4 Ne5 34. Bxe5 dxe5 35. g4 Kc6 36. g5 Kd6 37. g6 Rh6 38. g7 Rg6 39. Rd8+ Ke7 40. g8=Q Rg2+
41. Kxh3
1-0

[Event "Open Tournament for SM Members"]
[Site "SchemingMind.com"]
[Date "2006.11.05"]
[Round "-"]
[White "Mark_Griffin"]
[Black "alejandroales"]
[Result "0-1"]
[WhiteCountry "IRL"]
[BlackCountry "ARG"]
[WhiteElo "1606"]
[WhiteRD "107"]
[BlackElo "1671"]
[BlackRD "65"]
[GameID "75091"]

1. e4 d5 2. e5 c5 3. Nf3 Bf5 4. d4 e6 5. Bb5+ Nc6 6. O-O Qc7 7. Bg5 Ne7 8. Nh4 Bg6 9. Bxe7 Bxe7 10. Nxg6 hxg6
11. c3 O-O-O 12. Bxc6 Qxc6 13. Nd2 f6 14. Nf3 g5 15. h3 Rh6 16. Nh2 f5 17. g4 Rxh3 18. Kg2 Rdh8 19. Rh1 f4 20. Qc2 cxd4
21. Nf3 Rxh1 22. Rxh1 Rxh1 23. Kxh1 dxc3 24. bxc3 d4 25. Kg2 Qxc3 26. Qxc3+ dxc3 27. Nd4 Bc5 28. Nc2 Kd7 29. Kf3 Kc6 30. Ke4 Bxf2
31. Kd3 Kd5 32. Kxc3 Kxe5 33. Na3 Kd5 34. Nb5 e5 35. Kd3 e4+ 36. Ke2 Bd4 37. Nxd4 Kxd4 38. a4 Kc3 39. a5 b5 40. a6 b4
41. Kd1 b3 42. Kc1 e3
0-1

[Event "Open Tournament for SM Members"]
[Site "SchemingMind.com"]
[Date "2006.11.05"]
[Round "-"]
[White "Mark_Griffin"]
[Black "jjb091"]
[Result "0-1"]
[WhiteCountry "IRL"]
[BlackCountry "USA"]
[WhiteElo "1701"]
[WhiteRD "95"]
[BlackElo "1662"]
[BlackRD "75"]
[GameID "75092"]

1. e4 c5 2. Nc3 Nc6 3. Bc4 Nf6 4. Nf3 e6 5. d3 d5 6. exd5 exd5 7. Bb5 d4 8. Qe2+ Be7 9. O-O O-O 10. Ne4 Bd7
11. Bxc6 Bxc6 12. Bg5 Re8 13. Nxf6+ Bxf6 14. Qd2 Bxf3 15. Bxf6 Qxf6 16. gxf3 Qg6+ 17. Kh1 Re5 18. Rg1 Qh5 19. Rg3 Rae8 20. Rag1 g6
21. Rg5 Qxf3+ 22. R5g2 Re2 23. Qd1 Rxf2 24. Qxf3 Rxf3 25. b3 Rfe3 26. Rf2 Re1 27. Kg2 Rxg1+ 28. Kxg1 Re1+ 29. Kg2 Ra1 30. a4 Rc1
31. Kf3 a5 32. Ke4 b6 33. Kd5 Re1 34. Rf6 Re2 35. Rxb6 Rxh2 36. Kxc5 Rxc2+ 37. Kxd4 h5 38. Rb5 h4 39. Rxa5 h3 40. Re5 Rg2
41. Re1 h2 42. Rh1 Ra2 43. Kc3 g5 44. Kd4 g4 45. Ke3 g3 46. Kf3 g2 47. Rxh2 g1=Q 48. Rxa2 Qd1+ 49. Re2 Qxb3 50. Re8+ Kg7
51. Ke3 Qxa4 52. Re4 Qd7 53. Kd2 f5 54. Re2 Kf6 55. Ke3 Qd6
0-1

[Event "Open Tournament for SM Members"]
[Site "SchemingMind.com"]
[Date "2006.11.04"]
[Round "-"]
[White "Mark_Griffin"]
[Black "Silvy"]
[Result "0-1"]
[WhiteCountry "IRL"]
[BlackCountry "ITA"]
[WhiteElo "1606"]
[WhiteRD "107"]
[BlackElo "1963"]
[BlackRD "117"]
[GameID "75093"]

1. e4 c6 2. Bc4 d5 3. exd5 cxd5 4. Bb3 Nc6 5. d4 Nf6 6. Nc3 Bf5 7. a3 e6 8. Bg5 Be7 9. Nf3 O-O 10. O-O Bg4
11. h3 Bxf3 12. Qxf3 Nxd4 13. Qd3 Nxb3 14. cxb3 Nd7 15. Bxe7 Qxe7 16. Qg3 d4 17. Ne4 e5 18. Rfe1 f5 19. Ng5 e4 20. Rad1 Qf6
21. f4 Rae8 22. b4 d3 23. Rd2 Qd4+ 24. Kh1 h6 25. Nf3 exf3 26. Rxe8 Rxe8 27. Qxf3 Re1+ 28. Kh2 Qg1+ 29. Kg3 Re3
0-1

[Event "Open Tournament for SM Members"]
[Site "SchemingMind.com"]
[Date "2006.11.04"]
[Round "-"]
[White "loco61"]
[Black "Mark_Griffin"]
[Result "0-1"]
[WhiteCountry "ENG"]
[BlackCountry "IRL"]
[WhiteElo "1574"]
[WhiteRD "66"]
[BlackElo "1606"]
[BlackRD "107"]
[GameID "75094"]

1. e4 e5 2. Nf3 Nc6 3. Bc4 Bc5 4. O-O Nf6 5. Qe2 O-O 6. d3 d6 7. Bg5 Bg4 8. h3 Nd4 9. Qd1 Nxf3+ 10. gxf3 Bxh3
11. Re1 h6 12. Bh4 a6 13. Kh2 Ng4+ 14. fxg4 Qxh4 15. f3 Bxg4+ 16. Kg2 Qh3#
0-1

[Event "Open Tournament for SM Members"]
[Site "SchemingMind.com"]
[Date "2006.11.05"]
[Round "-"]
[White "alejandroales"]
[Black "Mark_Griffin"]
[Result "1/2-1/2"]
[WhiteCountry "ARG"]
[BlackCountry "IRL"]
[WhiteElo "1671"]
[WhiteRD "65"]
[BlackElo "1606"]
[BlackRD "107"]
[GameID "75096"]

1. Nc3 Nf6 2. e4 e5 3. f4 d5 4. fxe5 Nxe4 5. d4 Nxc3 6. bxc3 Qh4+ 7. Ke2 Be7 8. Nf3 Bg4 9. Be3 Bg5 10. Bf2 Qh6
11. Rb1 b6 12. Ke1 Bxf3 13. Qxf3 c6 14. Bd3 Bd2+ 15. Kd1 Bxc3 16. Be3 Qe6 17. Bf5 Qe7 18. Rf1 g6 19. Bd3 Nd7 20. Qg4 O-O
21. Bh6 Rfe8 22. Bg5 Qe6 23. Qh4 h5 24. Bf6 Qg4+ 25. Qxg4 hxg4 26. Be2 Bxd4 27. Bxg4 Nxf6 28. exf6 Re4 29. Bd7 c5 30. Bc6 Rd8
31. c4 Rd6 32. Bxd5 Re3 33. a4 Re5 34. a5 Rf5 35. Rxf5 gxf5 36. axb6 axb6 37. Rb3 Rxf6 38. Rf3 Kg7 39. Ke2 f4 40. Kd3 Kg6
41. Ke4 Kg5 42. Rh3=
1/2-1/2

[Event "Open Tournament for SM Members"]
[Site "SchemingMind.com"]
[Date "2006.11.05"]
[Round "-"]
[White "jjb091"]
[Black "Mark_Griffin"]
[Result "1-0"]
[WhiteCountry "USA"]
[BlackCountry "IRL"]
[WhiteElo "1694"]
[WhiteRD "77"]
[BlackElo "1629"]
[BlackRD "105"]
[GameID "75097"]

1. e4 e5 2. Nf3 Nc6 3. d4 exd4 4. c3 dxc3 5. Bc4 cxb2 6. Bxb2 d6 7. Qb3 Qd7 8. O-O Nh6 9. Nbd2 Na5 10. Qe3 Nxc4
11. Nxc4 b5 12. Na3 c5 13. Rfd1 f6 14. e5 fxe5 15. Nxe5 Qe7 16. Nf3 Qxe3 17. fxe3 Rg8 18. Nxb5 Nf7 19. Nc7+ Kd7 20. Nxa8 Bb7
21. Rac1 Bxf3 22. gxf3 Be7 23. Rxc5 Rxa8 24. Ra5 Nh6 25. Kf2 g6 26. Bd4 a6 27. Rb1 Nf5 28. Rb7+ Ke6 29. Rb3 Nxd4 30. exd4 Bf6
31. Ke3 Bd8 32. Ra4 d5 33. Rb7 h5 34. Rg7 Kf5 35. f4 Bf6 36. Rb7 Re8+ 37. Kd3 Re4 38. Rb6 Rxf4 39. Raxa6 Kg5 40. Rxf6 Rxf6
41. Rxf6 Kxf6 42. a4 Ke6 43. h4 Kd6 44. Ke3 Kc6 45. Kf4 Kb6 46. Kg5 Ka5 47. Kxg6
1-0

[Event "Open Tournament for SM Members"]
[Site "SchemingMind.com"]
[Date "2006.11.04"]
[Round "-"]
[White "Silvy"]
[Black "Mark_Griffin"]
[Result "1-0"]
[WhiteCountry "ITA"]
[BlackCountry "IRL"]
[WhiteElo "1963"]
[WhiteRD "117"]
[BlackElo "1606"]
[BlackRD "107"]
[GameID "75098"]

1. d4 d5 2. Nf3 Nc6 3. c4 e5 4. cxd5 Nxd4 5. Nxd4 exd4 6. Qxd4 Nf6 7. Nc3 c5 8. Qe5+ Be7 9. Bf4 Ng4 10. Qc7 O-O
11. Qxd8 Rxd8 12. h3 Nf6 13. e4 h6 14. O-O-O Nh5 15. Bc7 Rd7 16. d6 Bd8 17. Nd5 Bxc7 18. Nxc7 Rb8 19. e5 a6 20. Nd5 b5
21. Be2 Rd8 22. Bxh5 Be6 23. Ne7+ Kf8 24. Nc6 Rxd6 25. exd6
1-0

[Event "Open Tournament for SM Members"]
[Site "SchemingMind.com"]
[Date "2006.11.05"]
[Round "-"]
[White "cool_dude"]
[Black "loco61"]
[Result "0-1"]
[WhiteCountry "GBR"]
[BlackCountry "ENG"]
[WhiteElo "1295"]
[WhiteRD "124"]
[BlackElo "1570"]
[BlackRD "60"]
[GameID "75151"]

1. e4 e5 2. Nf3 Nc6 3. d3 Nf6 4. Bg5 h6 5. Bxf6 Qxf6 6. g3 Bc5 7. Bg2 d6 8. O-O Bg4 9. Nbd2 Nd4 10. c3 Ne6
11. h3 Bh5 12. g4 Bg6 13. b4 Bb6 14. Qe2 Nf4 15. Qd1 Nxd3 16. Qa4+ c6 17. Qc2 Nf4 18. Rae1 O-O 19. h4 Qe6 20. c4 Rfe8
21. a4 d5 22. c5 Nxg2 23. Kxg2 Qxg4+ 24. Kh1 Bd8 25. Nh2 Qxh4 26. Nf3 Bxe4 27. Qe2 Qh5 28. Rg1 Bxf3+ 29. Qxf3 Qxf3+ 30. Nxf3= e4
31. Nd2 f5 32. Rg6 Bg5 33. Rg1 f4 34. Rd6 Re7 35. Re1 e3 36. fxe3 fxe3 37. Nf3 Bf4 38. Rg6 Rd8 39. Reg1 e2 40. Kg2 d4
41. Kf2 d3 42. Ke1 d2+ 43. Nxd2 Bxd2+ 44. Kf2 Bxb4 45. Rxh6 e1=Q+ 46. Rxe1 Bxe1+ 47. Kg2 gxh6 48. a5 a6 49. Kf1 Rf8+ 50. Kg2 Rg7+
51. Kh3 Rf5 52. Kh2 Rh5#
0-1

[Event "Open Tournament for SM Members"]
[Site "SchemingMind.com"]
[Date "2006.11.05"]
[Round "-"]
[White "cool_dude"]
[Black "alejandroales"]
[Result "1-0"]
[WhiteCountry "GBR"]
[BlackCountry "ARG"]
[WhiteElo "1354"]
[WhiteRD "140"]
[BlackElo "1671"]
[BlackRD "65"]
[GameID "75153"]

1. e4 e5 2. Nf3 Nc6 3. g3 Nf6 4. Bg2 Bc5 5. O-O d6 6. d3 O-O 7. Bg5 h6 8. Bxf6 Qxf6 9. Nbd2 Bg4 10. Qe2 Nd4
11. Qd1 Qg6 12. c3 Nxf3+ 13. Nxf3 f5 14. exf5 Qxf5 15. Nh4 Qh5 16. Qb3+ Kh8 17. h3 Bd7 18. Be4 Bxh3 19. Ng6+
1-0

[Event "Open Tournament for SM Members"]
[Site "SchemingMind.com"]
[Date "2006.11.05"]
[Round "-"]
[White "cool_dude"]
[Black "jjb091"]
[Result "0-1"]
[WhiteCountry "GBR"]
[BlackCountry "USA"]
[WhiteElo "1347"]
[WhiteRD "121"]
[BlackElo "1662"]
[BlackRD "75"]
[GameID "75154"]

1. e4 c5 2. Nf3 d6 3. g3 Nf6 4. Bg2 Nxe4 5. O-O Nf6 6. d4 cxd4 7. Qxd4 Nc6 8. Qd3 g6 9. Bg5 Bg7 10. Nbd2 O-O
11. Rad1 Qc7 12. c4 Bf5 13. Qe3 Rfe8 14. Bh6 Ng4 15. Qf4 Bxh6 16. Ng5 f6 17. Ne6 Bxe6 18. Qf3 Nge5 19. Qe4 Bf5 20. Qd5+ Kh8
21. b3 Bxd2 22. Qxd2 Qa5 23. Qh6 g5 24. Qh5 Bg4 25. Qh6 Nf7 26. Rd5 Qc3 27. Rxg5 Nxh6 28. Rd5 Bf3 29. Bxf3 Qxf3 30. Rdd1 Ng4
31. Rd5 Rg8 32. Rh5 Ne3 33. fxe3 Qxh5
0-1

[Event "Open Tournament for SM Members"]
[Site "SchemingMind.com"]
[Date "2006.11.05"]
[Round "-"]
[White "cool_dude"]
[Black "Mark_Griffin"]
[Result "0-1"]
[WhiteCountry "GBR"]
[BlackCountry "IRL"]
[WhiteElo "1354"]
[WhiteRD "140"]
[BlackElo "1606"]
[BlackRD "107"]
[GameID "75155"]

1. e4 e5 2. Nf3 Nc6 3. d3 Bc5 4. Ng5 Qf6 5. Nf3 h6 6. g3 d6 7. Nbd2 Bg4 8. Bg2 Nge7 9. O-O Ng6 10. h3 Bxf3
11. Nxf3 O-O 12. Bd2 Nd4 13. c3 Nxf3+ 14. Bxf3 c6 15. b4 Bb6 16. a4 a5 17. bxa5 Bxa5 18. Bg2 Qe6 19. Qe2 Qb3 20. Rfb1 Qc2
21. Rxb7 Bxc3 22. Rd1 Rxa4 23. Qe1 Bxd2 24. Rxd2 Qc3 25. Rd1 Qd4 26. Rdb1 Rfa8 27. Rb8+ Rxb8 28. Rxb8+ Kh7 29. Rb1 Qxd3 30. Rd1 Qa3
31. Rxd6 Qxd6 32. Qe2 Rd4 33. h4 c5 34. Qg4 c4 35. Qf3 Rd3 36. Qe2 c3 37. Qc2 Qd4 38. Bf1 Rd2
0-1

[Event "Open Tournament for SM Members"]
[Site "SchemingMind.com"]
[Date "2006.11.05"]
[Round "-"]
[White "cool_dude"]
[Black "Silvy"]
[Result "0-1"]
[WhiteCountry "GBR"]
[BlackCountry "ITA"]
[WhiteElo "1295"]
[WhiteRD "124"]
[BlackElo "1974"]
[BlackRD "118"]
[GameID "75156"]

1. e4 c6 2. Nf3 d5 3. e5 Bg4 4. d4 e6 5. Bf4 Nd7 6. Nbd2 Qb6 7. g3 Qxb2 8. Rb1 Bxf3 9. Nxf3 Bb4+ 10. Bd2 Bxd2+
11. Nxd2 Qxd4 12. Nf3 Qc3+ 13. Nd2 Qxe5+ 14. Qe2 O-O-O 15. Nf3 Qxe2+ 16. Bxe2 Ngf6 17. O-O Ne4 18. Rb3 b5 19. Nd4 Kb7 20. a4 e5
21. Nf5 Ndc5 22. Rb4 Nxa4 23. Nxg7 Nac3 24. Bf3 a5 25. Rb2 Nd2 26. Ra1 Nxf3+ 27. Kg2 Nd2 28. Rxa5 Nc4 29. Ra1 Nxb2 30. Rg1 h5
31. h4 Ra8 32. Nf5 Nc4 33. Re1 Ra2 34. Rc1 Ne2 35. Re1 Rxc2 36. Kf1 Ra8 37. Kg2 Raa2 38. Kh3 Nd4 39. Nxd4 Rxf2 40. Rh1 exd4
41. g4 Ra3#
0-1